Chủ nghĩa tư bản hiện đại Những thay đổi trong tổ chức quản lý kinh tế Tập 2
v.v...
Đã lưu trong:
| Tác giả chính: | |
|---|---|
| Định dạng: | Sách |
| Năm xuất bản: |
H.
1995
Chính trị quốc gia
|
| Chủ đề: | |
| Tags: |
Thêm thẻ
Không có thẻ, Hãy là người đầu tiên gắn thẻ bản ghi này!
|
| LEADER | 00814nam a2200169 4500 | ||
|---|---|---|---|
| 999 | |c 10933 |d 10933 | ||
| 082 | |a 330.122 |b L250V | ||
| 100 | |a Lê Văn Sang | ||
| 245 | |a Chủ nghĩa tư bản hiện đại |c Lê Văn Sang, Đào Lê Minh, Trần Quang Lâm |n Tập 2 |b Những thay đổi trong tổ chức quản lý kinh tế | ||
| 260 | |a H. |c Chính trị quốc gia |b 1995 | ||
| 300 | |a 287 tr. |c 19 cm. | ||
| 520 | |a v.v... | ||
| 653 | |a Chủ nghĩa tư bản | ||
| 653 | |a Kinh tế | ||
| 942 | |2 ddc |c STK0 | ||
| 952 | |0 0 |1 0 |2 ddc |4 0 |6 330_122000000000000_L250V |7 0 |8 300 |9 93948 |a qbu |b qbu |c D2 |d 2015-09-15 |g 15000 |o 330.122 L250V |p 10575.c1 |r 0000-00-00 |w 2015-09-15 |y SH | ||
| 952 | |0 0 |1 0 |2 ddc |4 0 |6 330_122000000000000_L250V |7 0 |9 97836 |a qbu |b qbu |c D2 |d 2015-11-06 |g 15000 |l 5 |m 2 |o 330.122 L250V |p 10575.c2 |r 2020-08-28 |s 2020-08-10 |w 2015-11-06 |y STK0 | ||